000 00786nam a2200241Ia 4500
003 OSt
005 20220923223216.0
006 a|||||r|||| 00| 0
007 ta
008 220922b |||||||| |||| 00| 0 hin d
024 _a212,084
037 _cTextual
040 _aARTS
_cARTS
_bhin
041 _2hin
_ahin
082 _aO152,3N176x, L6
100 _aसरनाम सिंह, अरुण
245 0 _aजब मौत मेरे पास आई
246 _aJab maut mere pās āī
260 _aदिल्ली
_b राजपाल एंड सन्स
_c1976
650 _aहिन्दी साहित्य
_9156264
942 _hO152,3N176x, L6
_cTEXL
_2CC
999 _c362358
_d362358